00861cam a2200241Ia 4500020001800000020001500018020001500033020001800048040000800066082002600074100001700100245008000117260003500197300002900232490001700261520019800278650001200476650002200488650001100510650003000521650002200551650004600573 a9780590634274 a0590634275 a0606158308 a9780606158305 cGLM 4a808 SCH 1999 A094 Or.1 aPilkey, Dav,10aCaptain Underpants and the attack of the talking toilets :ban epic novel / aNew York :bScholastic,c1999. a136 p. :bill. ;c20 cm.1 aLittle apple aPrincipal Krupp once again turns into the superhero Captain Underpants in order to save the world, and Jerome Horwitz Elementary School, from the evil talking toilets and the Turbo Toilet 2000. 0aSchools 0aSchool principals 0aHeroes 0aComic books, strips, etc. 0aHumorous stories. 0aCaptain Underpants (Fictitious character)